La memòria del passat : quan els pares tenien la teva edat (1965-1977) / [autors: M. Antònia Ibáñez Serrahima ... [et al.]] quan els pares tenien la teva edat (1965-1977) / [autors:
Descripción Física:
23 p. : il. b/n ; 21 x 30 cm
Otros Autores:
Ibáñez Serrahima, M. Antònia
MARC
| LEADER | 00000nam a2200000Ia 4500 | ||
|---|---|---|---|
| 001 | 16186 | ||
| 008 | 160829s9999 xx 000 0 cat d | ||
| 080 | |a FU-41-11 | ||
| 245 | |a La memòria del passat : |b quan els pares tenien la teva edat (1965-1977) / [autors: |b M. Antònia Ibáñez Serrahima ... [et al.]] | ||
| 260 | |a [Tarragona : |b Arxiu Històric de Tarragona, DL 2003] | ||
| 300 | |a 23 p. : |b il. b/n ; |c 21 x 30 cm | ||
| 490 | |a Materials didàctics de l'Arxiu Històric de Tarragona ; 2 | ||
| 590 | |a A la coberta: Camp d'Aprenentatge de la Ciutat de Tarragona | ||
| 650 | |a Història |x Tarragona |x 1965/1977 |9 39165 | ||
| 650 | |a Material didàctic |9 22831 | ||
| 700 | |a Ibáñez Serrahima, M. Antònia |9 39166 | ||
| 901 | |a Arxiu | ||
| 942 | |n 1 | ||
| 952 | |0 0 |1 0 |4 0 |6 FU4111 |7 1 |9 48842 |a Arxiu |b Arxiu |d 2016-12-01 |l 0 |o FU-41-11 |p 16186 |r 2016-12-01 00:00:00 |w 2016-12-01 |y ARXIU | ||
| 999 | |c 52677 |d 52677 | ||